[Event "Lichtenberger Sommer"]
[Site "Berlin"]
[Date "2009.08.21"]
[Round "7.64"]
[White "Baranowsky, Peter"]
[Black "Hesselbarth, Karlheinz"]
[Result "1-0"]
[WhiteElo "1935"]
[BlackElo "1864"]
[PlyCount "67"]
[EventDate "2009.??.??"]
[WhiteTeam "Sfrd. Berlin 1903 e.V."]
[BlackTeam "SC Zugzwang 95 e.V."]

1. d4 d5 2. Nf3 Nf6 3. e3 e6 4. Bd3 c5 5. c3 Nbd7 6. Nbd2 Be7 7. Qe2 O-O 8. O-O
Qc7 9. e4 dxe4 10. Nxe4 Nxe4 11. Qxe4 g6 12. Ng5 Re8 13. Qh4 Nf8 14. Bb5 Bd7
15. Bf4 Qc8 16. Bxd7 Qxd7 17. dxc5 f6 18. Ne4 g5 19. Qg3 e5 20. Be3 Ng6 21.
Rfd1 Qe6 22. b3 Rad8 23. f3 Nf4 24. Qe1 f5 25. Nd6 Bxd6 26. Rxd6 Rxd6 27. cxd6
Qxd6 28. Rd1 Qc6 29. Qd2 g4 30. fxg4 fxg4 31. Bxf4 exf4 32. Qd5+ Re6 33. Qg5+
Rg6 34. Qd8+ 1-0

[Event "Lichtenberger Sommer"]
[Site "Berlin"]
[Date "2009.08.21"]
[Round "7.65"]
[White "Samarian, Cornel"]
[Black "Keusch, Horst"]
[Result "0-1"]
[WhiteElo "1811"]
[BlackElo "1970"]
[PlyCount "74"]
[EventDate "2009.??.??"]
[WhiteTeam "SC Pegasus Lohkirchen"]
[BlackTeam "SC Friesen Lichtenberg e.V."]

1. Nf3 f5 2. g3 e6 3. Bg2 Nf6 4. Nc3 d5 5. d4 c6 6. Bf4 Bd6 7. Bxd6 Qxd6 8. O-O
Nbd7 9. e3 O-O 10. Ne2 b6 11. b3 Ba6 12. Re1 Ne4 13. Qc1 Bxe2 14. Rxe2 Nc3 15.
Re1 b5 16. a3 a5 17. Qb2 Ne4 18. c3 a4 19. b4 g5 20. Nd2 Nef6 21. f4 gxf4 22.
exf4 Ne4 23. Bxe4 fxe4 24. Re3 Rf7 25. Nf1 Rg7 26. Qg2 Rf8 27. Ra2 Nf6 28. h3
Nh5 29. Rf2 Nxf4 30. Qh2 Nd3 31. Rxf8+ Qxf8 32. Qe2 Kh8 33. Rxd3 exd3 34. Qxd3
Qf6 35. Kg2 Rf7 36. Qe2 Qf5 37. Ne3 Qe4+ 0-1

[Event "Lichtenberger Sommer"]
[Site "Berlin"]
[Date "2009.08.21"]
[Round "7.67"]
[White "Cerdan Herraez, Manuel Vicente"]
[Black "Schlittermann, Wolfgang"]
[Result "1-0"]
[WhiteElo "1900"]
[BlackElo "1644"]
[PlyCount "59"]
[EventDate "2009.??.??"]
[WhiteTeam "CIM Benimaclet - Valencia"]
[BlackTeam "SK Gillette"]

1. d4 e6 2. e4 c5 3. Nf3 cxd4 4. Nxd4 a6 5. Nc3 Be7 6. Nf3 Nc6 7. Bd3 Nb4 8. a3
Nxd3+ 9. cxd3 d6 10. O-O Nf6 11. d4 O-O 12. Bg5 Nd7 13. Be3 Nb6 14. Qb3 Nd7 15.
d5 Nc5 16. Bxc5 dxc5 17. Rad1 Qc7 18. e5 Bd8 19. d6 Qd7 20. Ne4 b6 21. Qd3 h6
22. Nfd2 Bb7 23. f4 Bc6 24. Qg3 f5 25. exf6 Bxf6 26. b3 Qb7 27. Nxf6+ Rxf6 28.
Nc4 Bd5 29. Ne5 Bxb3 30. Qxb3 1-0

[Event "Lichtenberger Sommer"]
[Site "Berlin"]
[Date "2009.08.21"]
[Round "7.68"]
[White "Gabriel, Liem Thanh"]
[Black "Jordans, Ralph"]
[Result "0-1"]
[WhiteElo "1790"]
[BlackElo "1870"]
[PlyCount "70"]
[EventDate "2009.??.??"]
[WhiteTeam "Treptower SV 1949 e.V."]
[BlackTeam "Ford-Schachfreunde Köln e.V."]

1. e4 c5 2. Nf3 d6 3. d4 cxd4 4. Nxd4 Nf6 5. Nc3 a6 6. Bc4 e6 7. Bg5 Be7 8. O-O
O-O 9. Qd3 Nc6 10. a3 Ne5 11. Qe2 Nxc4 12. Qxc4 Bd7 13. Qd3 Qa5 14. Bd2 Qb6 15.
Be3 Qc7 16. Rac1 Ng4 17. Bd2 Ne5 18. Qe2 Bf6 19. Be3 Nc4 20. Rb1 b5 21. Rfd1
Nxa3 22. bxa3 Qxc3 23. Rb3 Qc7 24. Rdd3 Rfc8 25. c3 e5 26. Nf5 Bxf5 27. exf5 e4
28. Rd2 Qd7 29. Bd4 Qxf5 30. Bxf6 Qxf6 31. Qxe4 Re8 32. Qb1 Rac8 33. Rc2 Rc4
34. Rc1 Re2 35. f3 Qg5 0-1

[Event "Lichtenberger Sommer"]
[Site "Berlin"]
[Date "2009.08.21"]
[Round "7.69"]
[White "Dietzel, Uwe"]
[Black "Forster, Manfred"]
[Result "0-1"]
[WhiteElo "1739"]
[BlackElo "1636"]
[PlyCount "78"]
[EventDate "2009.??.??"]
[WhiteTeam "TSV Lichtentanne SAbt"]
[BlackTeam "SK Singen"]

1. Nf3 Nc6 2. d4 d5 3. e3 Bf5 4. Bd3 Qd7 5. c3 f6 6. Qc2 Bxd3 7. Qxd3 e5 8. e4
dxe4 9. Qxe4 O-O-O 10. Be3 f5 11. Qc2 f4 12. Bc1 exd4 13. O-O Qf7 14. Qa4 Bc5
15. b4 Qc4 16. Nfd2 Qd3 17. bxc5 dxc3 18. Nf3 Nf6 19. Bxf4 Rhe8 20. Na3 Re4 21.
Qb3 Rxf4 22. Rad1 Qf5 23. Rxd8+ Nxd8 24. Qxc3 Ne4 25. Qe3 Nxc5 26. Nd4 Qf8 27.
Rd1 Re4 28. Qh3+ Kb8 29. Qxh7 Qe7 30. Nf3 a6 31. Qg8 Nce6 32. Nb1 Ka7 33. h3
Nf7 34. Qh7 Nfg5 35. Qh5 Qf6 36. Nxg5 Nxg5 37. Qh8 Re2 38. f3 Qb6+ 39. Kh1 Qf2
0-1

[Event "Lichtenberger Sommer"]
[Site "Berlin"]
[Date "2009.08.21"]
[Round "7.70"]
[White "Sotter-Klundt, Gerlinde"]
[Black "Kohlmeyer, Dagobert"]
[Result "0-1"]
[WhiteElo "1839"]
[BlackElo "1912"]
[PlyCount "54"]
[EventDate "2009.??.??"]
[WhiteTeam "SC S.-W. Schweinheim"]
[BlackTeam "SC Rochade e.V."]

1. Nf3 Nf6 2. d4 g6 3. c4 Bg7 4. Nc3 d5 5. cxd5 Nxd5 6. e4 Nxc3 7. bxc3 c5 8.
Bb2 cxd4 9. cxd4 O-O 10. Qb3 Nc6 11. e5 a6 12. Be2 b5 13. O-O Be6 14. Qe3 Na5
15. Nd2 Qb6 16. Bc3 Rac8 17. Rfc1 b4 18. Bb2 Rxc1+ 19. Bxc1 Rc8 20. Nb3 Rc3 21.
Qd2 Bxb3 22. axb3 Nxb3 23. Qb2 Nxa1 24. Qxa1 a5 25. Be3 Qc7 26. Qa4 Qd8 27. Bd2
Ra3 0-1

[Event "Lichtenberger Sommer"]
[Site "Berlin"]
[Date "2009.08.21"]
[Round "7.71"]
[White "Radloff, Rainer"]
[Black "Casny, Guenter"]
[Result "0-1"]
[WhiteElo "1681"]
[BlackElo "1865"]
[PlyCount "80"]
[EventDate "2009.??.??"]
[WhiteTeam "SC Weiße Dame e.V."]
[BlackTeam "SC Rochade e.V."]

1. Nf3 Nf6 2. d4 d5 3. e3 c6 4. Bd3 Qc7 5. Nbd2 Nbd7 6. O-O e6 7. Re1 Bd6 8. h3
O-O 9. c3 e5 10. dxe5 Nxe5 11. Nxe5 Bxe5 12. Nf3 Bd6 13. e4 dxe4 14. Bxe4 Nxe4
15. Rxe4 Bf5 16. Rd4 Rad8 17. Be3 b6 18. Nh4 Bc8 19. Qf3 c5 20. Rd2 Bb7 21. Qg4
Bc8 22. Qf3 g6 23. Bh6 Be5 24. Re2 Bg7 25. Bxg7 Kxg7 26. Rae1 Be6 27. a3 Rd7
28. Re5 Rfd8 29. Qe3 Rd3 30. Qe4 Rd1 31. g4 Rxe1+ 32. Qxe1 Rd1 33. Qxd1 Qxe5
34. Nf3 Qf4 35. Qe2 Qc1+ 36. Kg2 h6 37. Qe5+ Kh7 38. g5 h5 39. Qe2 Bd5 40. h4
Qf4 0-1

[Event "Lichtenberger Sommer"]
[Site "Berlin"]
[Date "2009.08.21"]
[Round "7.72"]
[White "Körner, Helmut"]
[Black "Glöß, Henrik"]
[Result "1-0"]
[WhiteElo "1947"]
[BlackElo "1533"]
[PlyCount "91"]
[EventDate "2009.??.??"]
[WhiteTeam "Sfr.Nord-Ost Berlin"]
[BlackTeam "Sfr.Nord-Ost Berlin"]

1. e4 c5 2. Nc3 d6 3. g3 Nc6 4. Bg2 e5 5. d3 h6 6. Nh3 Nf6 7. O-O Be6 8. f3 Qd7
9. Nf2 Be7 10. Ne2 Qc7 11. c3 O-O 12. f4 exf4 13. gxf4 Bg4 14. Nxg4 Nxg4 15.
Ng3 Nf6 16. Qf3 Qd7 17. Nf5 g6 18. Nxh6+ Kg7 19. Bh3 Qc7 20. Ng4 Rh8 21. Nf2
Rh7 22. Be3 Rah8 23. d4 Nxe4 24. Qxe4 Rxh3 25. Nxh3 Rxh3 26. d5 f5 27. Qd3 Nd8
28. Bd4+ cxd4 29. Qxh3 Qc5 30. Qg2 Bf6 31. Kh1 Nf7 32. Rg1 Nh8 33. Rac1 d3 34.
Qf3 Qb4 35. Rg2 Qc4 36. Re1 Qxa2 37. Qxd3 Nf7 38. Qxf5 Nh8 39. Qd7+ Kh6 40.
Qxd6 Kg7 41. Qd7+ Kh6 42. Qe8 Kg7 43. f5 g5 44. h4 Nf7 45. hxg5 Nxg5 46. Qg6+
1-0

[Event "Lichtenberger Sommer"]
[Site "Berlin"]
[Date "2009.08.21"]
[Round "7.73"]
[White "Krüger, Stefan"]
[Black "Lieder, Günter"]
[Result "1/2-1/2"]
[WhiteElo "1609"]
[BlackElo "1873"]
[PlyCount "111"]
[EventDate "2009.??.??"]
[WhiteTeam "SC Friesen Lichtenberg e.V."]
[BlackTeam "SK Turm Bad Hersfeld"]

1. d4 Nf6 2. c4 e6 3. Nc3 d5 4. Bg5 Be7 5. Nf3 h6 6. Bh4 Nbd7 7. e3 c6 8. Qc2
b6 9. Be2 Bb7 10. O-O O-O 11. e4 dxe4 12. Nxe4 c5 13. Nxf6+ Bxf6 14. Bxf6 Qxf6
15. dxc5 Nxc5 16. b4 Be4 17. Qd2 Nb7 18. Qe3 Bh7 19. Bd3 Bxd3 20. Qxd3 Rfd8 21.
Qb3 Rac8 22. h3 Qf4 23. Rfc1 Rc7 24. Rc2 Rcd7 25. g3 Qe4 26. Rc3 Qf5 27. Kg2 e5
28. Qc2 e4 29. Nh4 Qe6 30. Re1 Rd4 31. Kh2 f5 32. Re2 g5 33. Ng2 Rc8 34. Ne3 f4
35. Nd5 fxg3+ 36. fxg3 Nd6 37. Ne3 Nxc4 38. Nxc4 Rdxc4 39. Qb3 b5 40. Kg2 Qd5
41. Rce3 Rf8 42. Qa3 Qb7 43. Qb2 Qc6 44. Rf2 Qb6 45. Rfe2 Qd6 46. a3 Qc6 47.
Rf2 Rc8 48. Qe5 Rc2 49. Rxe4 Rxf2+ 50. Kxf2 Qc2+ 51. Re2 Rf8+ 52. Kg2 Qc4 53.
Qe6+ Kg7 54. Qe4 Kg8 55. Qe6+ Kg7 56. Qe5+ 1/2-1/2

[Event "Lichtenberger Sommer"]
[Site "Berlin"]
[Date "2009.08.21"]
[Round "7.74"]
[White "Alvarez, Luis"]
[Black "Maslov, Maxim"]
[Result "1-0"]
[WhiteElo "1870"]
[BlackElo "1412"]
[PlyCount "37"]
[EventDate "2009.??.??"]
[WhiteTeam "Schachclub Zug um Zug Everswinke"]
[BlackTeam "vereinslos"]

1. e4 c5 2. Nf3 Nc6 3. c3 d5 4. exd5 Qxd5 5. d4 Bg4 6. Be2 cxd4 7. cxd4 e6 8.
O-O Nf6 9. h3 Bf5 10. Nc3 Qd7 11. Be3 Be7 12. Qb3 b6 13. Bb5 Rc8 14. Qa4 Qc7
15. Ne5 O-O 16. Nxc6 Bd6 17. Qxa7 Bh2+ 18. Kh1 Qd6 19. Ne7+ 1-0

[Event "Lichtenberger Sommer"]
[Site "Berlin"]
[Date "2009.08.21"]
[Round "7.75"]
[White "Bender, Sebastian"]
[Black "Schütt, Tobias"]
[Result "1-0"]
[WhiteElo "1482"]
[BlackElo "1697"]
[PlyCount "75"]
[EventDate "2009.??.??"]
[WhiteTeam "SC Zugzwang 95 e.V."]
[BlackTeam "SC Friesen Lichtenberg e.V."]

1. e4 c5 2. Nf3 Nc6 3. d4 cxd4 4. Nxd4 e5 5. Nb5 d6 6. N1c3 a6 7. Na3 Nf6 8.
Bg5 Be7 9. Bxf6 gxf6 10. Qh5 b5 11. Nd5 Be6 12. c3 b4 13. Nc2 bxc3 14. Nxc3 Qa5
15. a3 Bb3 16. Ne3 Nd4 17. Rc1 Rc8 18. Bd3 d5 19. O-O dxe4 20. Bxe4 Be6 21.
Ncd5 Rxc1 22. Rxc1 Kd7 23. Nc4 Qb5 24. Ncb6+ Kd6 25. Nc4+ Kd7 26. Ndb6+ Kd8 27.
Qd1 Bxc4 28. Nxc4 Bc5 29. b4 Ba7 30. Bd3 Qd7 31. Ne3 f5 32. Nxf5 Rg8 33. Nxd4
exd4 34. Bxa6 Ke7 35. Qe2+ Kd6 36. Qe4 f5 37. Qf4+ Ke7 38. Rc7 1-0

[Event "Lichtenberger Sommer"]
[Site "Berlin"]
[Date "2009.08.21"]
[Round "7.76"]
[White "Lischeid, Kilian"]
[Black "Bockelmann, Rolf"]
[Result "0-1"]
[WhiteElo "879"]
[BlackElo "1824"]
[PlyCount "78"]
[EventDate "2009.??.??"]
[WhiteTeam "SC Friesen Lichtenberg e.V."]
[BlackTeam "SG Lasker Steglitz-Wilmersdorf"]

1. e4 e5 2. Nf3 Nc6 3. Bc4 Nf6 4. Nc3 Nxe4 5. Nxe4 d5 6. Qe2 dxc4 7. Qxc4 Be6
8. Qa4 Bd5 9. d3 Bd6 10. Be3 O-O 11. O-O-O Nb4 12. c4 Nxd3+ 13. Rxd3 Bxe4 14.
Rd2 Qe7 15. c5 Bc6 16. cxd6 cxd6 17. Qb4 Rac8 18. Kd1 Rfd8 19. Bxa7 Ra8 20. Bb6
Rd7 21. a3 Qe6 22. Re1 Qf5 23. Re3 Ra4 24. Qc3 Ra6 25. Ba5 Qb1+ 26. Ke2 Bb5+
27. Red3 h6 28. Rd1 Bxd3+ 29. Rxd3 Rc6 30. Qd2 e4 31. Re3 Rc2 32. Nd4 Rxd2+ 33.
Bxd2 Qxb2 34. Rxe4 Qxa3 35. Nb5 Qa6 36. Rb4 Re7+ 37. Kd1 Re5 38. Nc7 Qa1+ 39.
Kc2 Rc5+ 0-1

[Event "Lichtenberger Sommer"]
[Site "Berlin"]
[Date "2009.08.21"]
[Round "7.77"]
[White "Kujawa, Werner"]
[Black "Geldner, Gerrit"]
[Result "1-0"]
[WhiteElo "1885"]
[BlackElo "1091"]
[PlyCount "65"]
[EventDate "2009.??.??"]
[WhiteTeam "SV Motor Wildau e.V."]
[BlackTeam "SC Friesen Lichtenberg e.V."]

1. Nf3 d5 2. d4 Nf6 3. g3 e6 4. Bg2 Nbd7 5. O-O Be7 6. c4 b6 7. cxd5 exd5 8.
Nc3 Bb7 9. Qb3 O-O 10. Rd1 Re8 11. a4 c5 12. Bf4 c4 13. Qc2 Bb4 14. Ne5 Bxc3
15. bxc3 Nh5 16. Nxc4 Re6 17. Ne5 Nxf4 18. gxf4 Rf6 19. e3 Rd6 20. Qa2 f6 21.
Nd3 Rc8 22. Rac1 Nf8 23. c4 Kh8 24. c5 Rd7 25. Bh3 Ba6 26. c6 Bxd3 27. Rxd3 Qe8
28. Rdc3 Qg6+ 29. Kf1 f5 30. cxd7 Rxc3 31. Rxc3 Nxd7 32. Rc8+ Nf8 33. Rxf8# 1-0

[Event "Lichtenberger Sommer"]
[Site "Berlin"]
[Date "2009.08.21"]
[Round "7.78"]
[White "Getzuhn, Detlef"]
[Black "Mako, Attila"]
[Result "1-0"]
[WhiteElo "1957"]
[BlackElo "1756"]
[PlyCount "65"]
[EventDate "2009.??.??"]
[WhiteTeam "SV Senat e.V."]
[BlackTeam "BSC Rehberge 1945 e.V."]

1. e4 d6 2. d4 g6 3. f4 Bg7 4. c3 Nf6 5. Bd3 e5 6. Nf3 Nbd7 7. O-O b6 8. fxe5
dxe5 9. dxe5 Ng4 10. Bg5 f6 11. exf6 Bxf6 12. Bxf6 Ndxf6 13. h3 Nh6 14. e5 Nd5
15. Bb5+ Ke7 16. Qd2 Nf5 17. Bc6 Nde3 18. Re1 Ba6 19. Bxa8 Qxd2 20. Nbxd2 Rxa8
21. g4 Nc2 22. gxf5 gxf5 23. Rac1 Nxe1 24. Rxe1 Rg8+ 25. Kf2 Bb7 26. Rg1 Rg6
27. Nh4 Rxg1 28. Kxg1 Ke6 29. Nhf3 Bc8 30. Kf2 Bd7 31. Ke3 Be8 32. Kf4 Bb5 33.
Nd4+ 1-0

[Event "Lichtenberger Sommer"]
[Site "Berlin"]
[Date "2009.08.21"]
[Round "7.79"]
[White "Theilig, Reinhard"]
[Black "Kapp, Frank"]
[Result "0-1"]
[WhiteElo "1559"]
[BlackElo "1824"]
[PlyCount "58"]
[EventDate "2009.??.??"]
[WhiteTeam "SG TT/Wiheil"]
[BlackTeam "TSV IFA Chemnitz"]

1. Nf3 e6 2. c4 f5 3. g3 Nf6 4. Bg2 Be7 5. O-O O-O 6. d3 d5 7. b3 c6 8. Bb2 Ng4
9. h3 Nh6 10. e3 Bf6 11. d4 Nd7 12. Nc3 Nb6 13. c5 Nd7 14. Ne2 Nxc5 15. Rc1 Ne4
16. Nf4 Be7 17. Ne5 Nf6 18. Ned3 g5 19. Nh5 Qe8 20. Nxf6+ Rxf6 21. Bf3 Bd6 22.
Kg2 Qe7 23. g4 Bd7 24. Rh1 Raf8 25. h4 fxg4 26. Be2 gxh4 27. Bxg4 Nxg4 28.
Qxg4+ Rg6 29. Qxg6+ hxg6 0-1

[Event "Lichtenberger Sommer"]
[Site "Berlin"]
[Date "2009.08.21"]
[Round "7.80"]
[White "Bauer, Stefan"]
[Black "Kiesewetter, Peter"]
[Result "0-1"]
[WhiteElo "1773"]
[BlackElo "1906"]
[PlyCount "86"]
[EventDate "2009.??.??"]
[WhiteTeam "SC Kreuzberg e.V."]
[BlackTeam "SC Schwarz-Weiß Lichtenrade e.V."]

1. Nf3 Nf6 2. g3 c5 3. Bg2 Nc6 4. e3 d5 5. c3 e5 6. O-O Bg4 7. Qa4 Qd7 8. d3
Be7 9. Nbd2 O-O 10. Qc2 Rfe8 11. Ng5 h6 12. Ngf3 Bf8 13. a4 e4 14. Ne1 Be2 15.
d4 Bxf1 16. Bxf1 cxd4 17. cxd4 Rac8 18. Qb1 Qf5 19. h3 Nh7 20. f3 Qg5 21. Kf2
Qf6 22. f4 Nxd4 23. b4 Nf5 24. Bb2 Qb6 25. Ng2 Bxb4 26. Qd1 Bc5 27. Rb1 Bxe3+
28. Nxe3 Qxe3+ 29. Kg2 Qxg3+ 30. Kh1 Qf2 31. Bg2 Qxg2+ 32. Kxg2 Ne3+ 33. Kg3
Nxd1 34. Rxd1 Nf8 35. f5 g6 36. Kf4 gxf5 37. Kxf5 Rc6 38. Nb3 Rb6 39. Rg1+ Ng6
40. Rg3 e3 41. Nc5 Rxb2 42. Nd7 Rf2+ 43. Kg4 Re4+ 0-1

[Event "Lichtenberger Sommer"]
[Site "Berlin"]
[Date "2009.08.21"]
[Round "7.81"]
[White "Uckar, Klaudijo"]
[Black "Völler, Lothar"]
[Result "1-0"]
[WhiteElo "1875"]
[BlackElo "1509"]
[PlyCount "71"]
[EventDate "2009.??.??"]
[WhiteTeam "SC Kreuzberg e.V."]
[BlackTeam "Freier Sportverein von 1898 Dort"]

1. e4 Nf6 2. d3 e5 3. Nf3 Nc6 4. Nc3 h6 5. g3 Bc5 6. Bg2 d6 7. O-O O-O 8. a3 a6
9. b4 Ba7 10. h3 Ne8 11. Nh4 Bd4 12. Bd2 Ne7 13. Rb1 f5 14. exf5 Nxf5 15. Bd5+
Kh7 16. Be4 g5 17. Nxf5 Bxf5 18. Qf3 Ng7 19. g4 Bg6 20. Bxg6+ Kxg6 21. Qxb7 Ne6
22. Ne2 d5 23. Be3 Bxe3 24. fxe3 Qd6 25. Rxf8 Rxf8 26. Rf1 Rxf1+ 27. Kxf1 Nd8
28. Qc8 Qf6+ 29. Ke1 Qd6 30. Ng3 Ne6 31. Nf5 Qb6 32. Qe8+ Kh7 33. Qf7+ Kh8 34.
Qf6+ Kg8 35. Ne7+ Kh7 36. Qg6+ 1-0

[Event "Lichtenberger Sommer"]
[Site "Berlin"]
[Date "2009.08.21"]
[Round "7.82"]
[White "Krusemark, Gerhard"]
[Black "Gestrich, Wolfgang"]
[Result "1-0"]
[WhiteElo "1858"]
[BlackElo "1723"]
[PlyCount "81"]
[EventDate "2009.??.??"]
[WhiteTeam "TSG Rot-Weiß Fredersdorf/Vogelsd"]
[BlackTeam "Potsdamer SV Mitte e.V."]

1. e4 d5 2. exd5 Qxd5 3. Nc3 Qd6 4. Nf3 Nf6 5. d4 c6 6. Bd3 Bg4 7. Be3 e6 8. h3
Bh5 9. Ne4 Qd8 10. g4 Bg6 11. Nxf6+ gxf6 12. Qe2 Be7 13. Bh6 Bb4+ 14. c3 Bxd3
15. Qxd3 Bf8 16. Bxf8 Kxf8 17. O-O-O h6 18. h4 Nd7 19. Kb1 Ke7 20. Qe4 Nb6 21.
Nd2 Qd5 22. Rhe1 Rad8 23. f4 Qxe4+ 24. Rxe4 Rhg8 25. f5 Nd5 26. fxe6 fxe6 27.
Rde1 Nc7 28. Nc4 b6 29. Ne3 Kf7 30. Rf1 Nd5 31. Nc4 Ke7 32. Rfe1 Nc7 33. Ne3
Kf7 34. Ng2 Nd5 35. c4 Ne7 36. Rf4 f5 37. Ne3 Kg6 38. gxf5+ exf5 39. Nxf5 Kh5
40. Nxe7 Rge8 41. Re5# 1-0

[Event "Lichtenberger Sommer"]
[Site "Berlin"]
[Date "2009.08.21"]
[Round "7.83"]
[White "Schneider, Eckehard"]
[Black "Stadelmann, Bernd"]
[Result "1-0"]
[WhiteElo "1787"]
[BlackElo "1409"]
[PlyCount "55"]
[EventDate "2009.??.??"]
[WhiteTeam "Sfrd. Berlin 1903 e.V."]
[BlackTeam "SC Freibauer Schöneberg"]

1. e4 e6 2. d4 d5 3. e5 c5 4. c3 Nc6 5. Nf3 Bd7 6. dxc5 Bxc5 7. b4 Be7 8. b5
Na5 9. a4 Qc7 10. Bd3 Bc5 11. O-O Nc4 12. Qe2 Bb6 13. Re1 Ne7 14. Nbd2 Nxd2 15.
Bxd2 Ng6 16. Rac1 Ba5 17. c4 Bxd2 18. Qxd2 dxc4 19. Bxc4 Rd8 20. Qb4 b6 21.
Bxe6 Qb8 22. Bb3 h5 23. e6 Bxe6 24. Bxe6 fxe6 25. Rxe6+ Kf7 26. Ng5+ Kg8 27.
Qc4 Kf8 28. Re8+ 1-0

[Event "Lichtenberger Sommer"]
[Site "Berlin"]
[Date "2009.08.21"]
[Round "7.84"]
[White "Knaak, Hans"]
[Black "Schönemann, Manfred"]
[Result "1/2-1/2"]
[WhiteElo "1753"]
[BlackElo "1820"]
[PlyCount "172"]
[EventDate "2009.??.??"]
[WhiteTeam "Forster Schachclub 95"]
[BlackTeam "SV Turbine Berlin e.V."]

1. d4 Nf6 2. c4 c5 3. d5 e6 4. Nc3 exd5 5. cxd5 d6 6. e4 g6 7. Bg5 Bg7 8. Be2
O-O 9. Nf3 a6 10. a4 Qc7 11. O-O Re8 12. Bd3 Nbd7 13. Qd2 c4 14. Bb1 Nc5 15.
Qe2 Nb3 16. Ra3 Bg4 17. Rd1 Nd7 18. Qe3 Ne5 19. Bc2 Nc5 20. b4 cxb3 21. Bxb3
Bxf3 22. gxf3 Qd7 23. Bf4 Qh3 24. Bg3 Bh6 25. Qe2 Ncd7 26. Re1 f5 27. Qf1 Nxf3+
28. Kh1 Qxf1+ 29. Rxf1 f4 30. Bd1 Nfe5 31. Bh4 Kf7 32. f3 Reb8 33. Be2 Nc5 34.
Bf2 b6 35. Kg2 g5 36. Rb1 Bg7 37. Na2 a5 38. Nc3 Ke7 39. Nb5 Rg8 40. Nc7 Rab8
41. h3 h5 42. Ra2 Kd7 43. Nb5 Bf6 44. Nd4 g4 45. hxg4 hxg4 46. fxg4 Nxe4 47.
Ne6 Nc3 48. Bb5+ Ke7 49. Rc2 Nxd5 50. Nd4 Rxg4+ 51. Kf1 Rg5 52. Bc6 Ne3+ 53.
Bxe3 fxe3 54. Ke2 Rg2+ 55. Bxg2 Bg5 56. Nc6+ Nxc6 57. Rxc6 Rf8 58. Bf3 Rf4 59.
Rc7+ Ke6 60. Rg7 Kf6 61. Rd7 Ke6 62. Rb7 Rxa4 63. R7xb6 Ke5 64. R1b5+ Kf4 65.
Rb2 Bf6 66. Rc2 Be5 67. Rb3 Ra1 68. Rc4+ Kg3 69. Rg4+ Kh3 70. Rb7 Ra2+ 71. Kd3
Ra3+ 72. Kc2 Ra2+ 73. Kd3 Ra3+ 74. Ke4 Ra4+ 75. Kf5 Rxg4 76. Bxg4+ Kg3 77. Rc7
a4 78. Rc2 a3 79. Be2 Kf2 80. Ke4 Bb2 81. Bc4+ Kg3 82. Kxe3 Kg4 83. Ke4 Kg5 84.
Kd5 Be5 85. Ra2 Bb2 86. Kxd6 Kf4 1/2-1/2

[Event "Lichtenberger Sommer"]
[Site "Berlin"]
[Date "2009.08.21"]
[Round "7.85"]
[White "Sivakumaran, Ramesh"]
[Black "Metin, Altug"]
[Result "1-0"]
[WhiteElo "1466"]
[BlackElo "1600"]
[PlyCount "31"]
[EventDate "2009.??.??"]
[WhiteTeam "SV Empor Berlin e.V."]
[BlackTeam "vereinslos"]

1. e4 e5 2. f4 d6 3. Nf3 Nd7 4. Bc4 Be7 5. O-O Ngf6 6. Nc3 O-O 7. f5 Nb6 8. Bb3
c6 9. d4 Qc7 10. Bg5 Ng4 11. h3 Bxg5 12. Nxg5 Ne3 13. Qh5 h6 14. f6 Nbc4 15.
Rf3 Be6 16. Rg3 1-0

[Event "Lichtenberger Sommer"]
[Site "Berlin"]
[Date "2009.08.21"]
[Round "7.86"]
[White "Stiewe, Frank"]
[Black "Schild, Reinhard"]
[Result "0-1"]
[WhiteElo "1372"]
[BlackElo "1593"]
[PlyCount "108"]
[EventDate "2009.??.??"]
[WhiteTeam "vereinslos"]
[BlackTeam "SG Weißensee 49 e.V."]

1. e4 c6 2. Nf3 d5 3. exd5 cxd5 4. d4 Nc6 5. Bb5 Bg4 6. O-O a6 7. Be2 Rc8 8. h3
Bh5 9. Bf4 Nf6 10. c3 e6 11. Ne5 Bxe2 12. Qxe2 Be7 13. Nd2 O-O 14. g4 Nd7 15.
Nxd7 Qxd7 16. Rae1 Nd8 17. Qe3 Rc6 18. Nf3 f6 19. Kg2 Bd6 20. Rh1 Bxf4 21. Qxf4
Nf7 22. h4 Nd6 23. Re2 Ne4 24. Rhe1 e5 25. dxe5 g5 26. Qf5 Qxf5 27. gxf5 fxe5
28. Nxe5 Rd6 29. f3 Rxf5 30. Nd3 Nf6 31. hxg5 Rxg5+ 32. Kf2 Rf5 33. Rg1+ Kf8
34. Nc5 Kf7 35. Nxb7 Rd7 36. Nc5 Rd6 37. Nb7 Rd7 38. Nc5 Rd6 39. Rge1 Ne4+ 40.
Ke3 Nxc5 41. Kd4 Ne6+ 42. Ke3 Re5+ 43. Kf2 Rxe2+ 44. Rxe2 Nf4 45. Rd2 Kf6 46.
b4 Rc6 47. Ke3 Rc4 48. a4 Ke5 49. Rc2 h5 50. b5 axb5 51. axb5 Rxc3+ 52. Kd2
Rxc2+ 53. Kxc2 Kd6 54. Kc3 h4 0-1

[Event "Lichtenberger Sommer"]
[Site "Berlin"]
[Date "2009.08.21"]
[Round "7.87"]
[White "Küchler, Felix"]
[Black "Kasper, Peter"]
[Result "1/2-1/2"]
[WhiteElo "1714"]
[BlackElo "1583"]
[PlyCount "84"]
[EventDate "2009.??.??"]
[WhiteTeam "SC Friesen Lichtenberg e.V."]
[BlackTeam "SG Eckturm"]

1. e4 c6 2. d4 d5 3. Nc3 dxe4 4. Nxe4 Bf5 5. Ng3 Bg6 6. h4 h6 7. h5 Bh7 8. Bc4
e6 9. Bf4 Nd7 10. Nf3 Qb6 11. Bb3 Be7 12. O-O Ngf6 13. c4 Rd8 14. Qe2 O-O 15.
d5 cxd5 16. cxd5 Nc5 17. dxe6 fxe6 18. Be3 Bd6 19. Bxc5 Qxc5 20. Qxe6+ Kh8 21.
Qh3 Bxg3 22. Qxg3 Nxh5 23. Qe5 Rf5 24. Qxc5 Rxc5 25. Rac1 Rf5 26. Rc7 Rf6 27.
Ne5 Bg8 28. Bxg8 Kxg8 29. Rxb7 Rdf8 30. Rb3 Rf5 31. Ng6 Re8 32. Rb7 Kh7 33. Nh4
Rf6 34. Rxa7 Ref8 35. Nf3 Nf4 36. Kh2 Nxg2 37. Kxg2 Rxf3 38. b4 R3f4 39. b5
R8f5 40. Kg3 Rf3+ 41. Kg2 R3f4 42. Kg3 Rf3+ 1/2-1/2

[Event "Lichtenberger Sommer"]
[Site "Berlin"]
[Date "2009.08.21"]
[Round "7.88"]
[White "Torzinski, Nils"]
[Black "Mildenberger, Hans"]
[Result "1-0"]
[WhiteElo "1332"]
[BlackElo "1628"]
[PlyCount "69"]
[EventDate "2009.??.??"]
[WhiteTeam "SC Friesen Lichtenberg e.V."]
[BlackTeam "BVG Helmholtz"]

1. e4 e6 2. d4 d5 3. exd5 exd5 4. Bd3 Nf6 5. Ne2 c5 6. c3 Nc6 7. O-O Bg4 8. f3
Bh5 9. Re1 c4 10. Bc2 Be7 11. Bg5 O-O 12. Nf4 Bg6 13. Bxg6 fxg6 14. Ne6 Qd7 15.
Nxf8 Rxf8 16. Nd2 h6 17. Bh4 g5 18. Bf2 g4 19. Bh4 gxf3 20. Nxf3 Ne4 21. Bxe7
Qxe7 22. Nd2 Qh4 23. Nxe4 dxe4 24. Qe2 Re8 25. Qxc4+ Kh8 26. Qf7 Re7 27. Qf8+
Kh7 28. g3 Qg5 29. Qf4 Qd5 30. Re2 Qc4 31. Rxe4 Rf7 32. Qe3 Qb5 33. Qe2 Qb6 34.
Re6 Nxd4 35. Qe4+ 1-0

[Event "Lichtenberger Sommer"]
[Site "Berlin"]
[Date "2009.08.21"]
[Round "7.90"]
[White "Stiemerling, Karl-Heinz"]
[Black "Schmalzried, Volker"]
[Result "0-1"]
[WhiteElo "1766"]
[BlackElo "1875"]
[PlyCount "66"]
[EventDate "2009.??.??"]
[WhiteTeam "SG Eckturm"]
[BlackTeam "Umweltbundesamt"]

1. d4 g6 2. c3 Bg7 3. Bf4 Nf6 4. Nd2 O-O 5. e4 d6 6. Ngf3 c5 7. d5 e5 8. Bg5
Na6 9. Bxa6 bxa6 10. b3 Rb8 11. O-O a5 12. Nc4 a4 13. Nfd2 Ba6 14. Re1 Qd7 15.
Qf3 Nh5 16. g4 Nf4 17. Bxf4 exf4 18. h3 axb3 19. axb3 Bxc4 20. bxc4 Rb2 21. Nb1
Rfb8 22. Qd3 Qe7 23. Re2 Rxe2 24. Qxe2 f5 25. f3 fxg4 26. hxg4 Qb7 27. Qd3 Qb2
28. Rxa7 Qxb1+ 29. Qxb1 Rxb1+ 30. Kf2 Rb2+ 31. Kf1 Bxc3 32. g5 Bg7 33. Ra8+ Bf8
0-1

[Event "Lichtenberger Sommer"]
[Site "Berlin"]
[Date "2009.08.21"]
[Round "7.91"]
[White "Hamar, Dirk"]
[Black "Steppan, Siegfried"]
[Result "1/2-1/2"]
[WhiteElo "1544"]
[BlackElo "1584"]
[PlyCount "58"]
[EventDate "2009.??.??"]
[WhiteTeam "SV Eutin von 1875"]
[BlackTeam "SV Werder/H."]

1. c4 g6 2. Nc3 Nf6 3. g3 Bg7 4. Nf3 d6 5. d4 O-O 6. Bg2 Nbd7 7. d5 c6 8. O-O
cxd5 9. cxd5 Nc5 10. Ne1 Bf5 11. f3 Qb6 12. Kh1 Qd8 13. g4 Bc8 14. Nd3 Nxd3 15.
Qxd3 a6 16. e4 b5 17. Be3 Bb7 18. Rac1 Nd7 19. Rfd1 Ne5 20. Qe2 Rc8 21. Qf2 Nd7
22. Rc2 Rc4 23. Rdc1 Qa8 24. Bf1 Rc7 25. Ne2 Rxc2 26. Rxc2 Rc8 27. Nd4 Rxc2 28.
Qxc2 Bxd4 29. Bxd4 Qc8 1/2-1/2